00881nam a2200181 4500040000900000082001600009100003700025245010300062260003300165300001500198505022100213650002300434651002800457700005300485942001200538999001900550952013000569 cNUST a621.382,SAM aSammar (BEE-58 / TCC-33)9131740 aGrounding Grid Fault Detection System /cSammar, Touseef, Shahzeb and Talha Rahim (BEE-58 /TCC-33) aRawalpindibMCS (NUST)c2025 axii, 59p.' aintroduction and System overview (Page-1), Literature Review (Page-11), Project Design and Implementation (Page-21), Hardware tools and Software (Page-37), Conclusion and Future Work (Page-55),References (Page-58). aUG Project9131132 aBEE-58 / TCC-339131735 aSupervised by Asst Prof Dr. Ammad Jadoon9131741 2ddccPR c615325d615325 00102ddc4070aMCSbMCScREFd2025-11-07l0o621.382,SAMpMCSPTE-348r2025-11-07w2025-11-07yPRzAlmirah No.70, Shelf No.5